Miejscowości w gminie Hajnówka - Statystyki

Ogólne statystyki
  • Ten quiz został rozwiązany 11 razy
  • Średni wynik to 17 z 37
Statystyki odpowiedzi
Msc. Miejscowość L. Mieszkańców % Poprawnych
7. Mochnate 179
100%
1. Dubiny 750
80%
2. Lipiny 356
80%
6. Nowoberezowo 232
80%
4. Nowosady 250
80%
3. Orzeszkowo 318
80%
19. Sawiny Gród 42
80%
18. Kotówka 48
60%
8. Nowokornino 142
60%
15. Postołowo 73
60%
17. Puciska 51
60%
21. Sorocza Nóżka 36
60%
5. Stare Berezowo 246
60%
19. Bielszczyzna 42
40%
24. Borek 33
40%
9. Borysówka 94
40%
13. Chytra 81
40%
14. Czyżyki 76
40%
35. Dubińska Ferma 5
40%
36. Golakowa Szyja 3
40%
27. Olchowa Kładka 27
40%
11. Pasieczniki Duże 88
40%
30. Przechody 18
40%
33. Skryplewo 16
40%
28. Smolany Sadek 22
40%
29. Topiło 19
40%
10. Trywieża 91
40%
22. Wasilkowo 35
40%
23. Zwodzieckie 34
40%
36. Budy Leśne 3
20%
32. Czerlonka Leśna 17
20%
30. Łozice 18
20%
26. Progale 29
20%
16. Rzepiska 69
20%
34. Sacharewo 9
20%
25. Wygoda 31
20%
12. Dubicze Osoczne 82
0%
Nie znaleziono quizów pasujących do podanych kryteriów
Rozkład punktacji
Procent ludzi z każdym wynikiem
Percentyl według liczby udzielonych odpowiedzi
Twoja historia wyników
Nie rozwiązałeś tego quizu